01602nam a2200397Ia 4500001001200000003000800012006001900020007001500039008004100054010001700095020003900112040002100151035002100172050002500193082001700218100002000235245012300255250001200378260005600390300001900446490005400465504006400519533015200583650003300735650003600768650002900804651003800833651003500871651004200906651005100948655002900999700001801028710001701046856012601063999001501189ebr10701693CaPaEBRm o u cr cn|||||||||100422s2010 nyu sb 001 0 eng d z 2010016239 z9780815632191 (cloth : alk. paper) aCaPaEBRcCaPaEBR a(OCoLC)84992370714aDT346.S7bZ96 2010eb04a964.8/032221 aZunes, Stephen.10aWestern Saharah[electronic resource] :bwar, nationalism, and conflict irresolution /cStephen Zunes and Jacob Mundy. a1st ed. aSyracuse, N.Y. :bSyracuse University Press,c2010. axxxvii, 319 p.0 aSyracuse studies on peace and conflict resolution aIncludes bibliographical references (p. 283-301) and index. aElectronic reproduction.bPalo Alto, Calif. :cebrary,d2013.nAvailable via World Wide Web.nAccess may be limited to ebrary affiliated libraries. 0aNationalismzWestern Sahara. 0aPeace-buildingzWestern Sahara. 0aSahrawi (African people) 0aWestern SaharaxEthnic relations. 0aWestern SaharaxHistoryy1975- 0aWestern SaharaxInternational status. 0aWestern SaharaxPolitics and governmenty1975- 7aElectronic books.2local1 aMundy, Jacob.2 aebrary, Inc.40uhttp://site.ebrary.com/lib/rucke/Doc?id=10701693zAn electronic book accessible through the World Wide Web; click to view c6086d6086